| 000 | 00368nam a2200145Ia 4500 | ||
|---|---|---|---|
| 008 | 230917s9999||||xx |||||||||||||| ||und|| | ||
| 040 |
_e86579 _aMAIN |
||
| 041 | _aEnglish | ||
| 082 | _a547.139 M896P | ||
| 100 | _aMukherjee, S M | ||
| 245 | 0 | _aPericyclic reactions: A mechanistic study | |
| 260 |
_aNew Delhi _bMacmillan _c1980 |
||
| 300 | _axv, 171 p. | ||
| 942 | _cBK | ||
| 999 |
_c48096 _d48096 |
||